Trouve à qui appartient ce vêtement - KPOP #2 - Statistiques

Statistiques générales
  • Ce quiz a été pris 346 fois
  • Le résultat moyen est 7 sur 30
Statistiques - réponses
Par images Réponse % Correct
Felix
79%
Hanni
59%
Wonyoung
51%
Chaeryeong
36%
Ryujin
36%
Yeji
35%
Yujin
33%
Chaewon
32%
Haerin
30%
Eunchae
29%
Gaeul
28%
Jiwoo
27%
San
27%
Han
26%
Lee Know
25%
Rei
21%
Lia
19%
Taeyong
18%
The8
8%
Jay
7%
Seonghwa
6%
Taeyeon
6%
Bangchan
5%
HongJoong
5%
S.Coups
3%
Haewon
2%
Sunghoon
2%
Wooyoung
2%
D.O
1%
Mark
1%
Aucun quiz correspondant
Distribution des résultats
% des personnes avec chaque résultat
Percentile par nombre de réponses
Votre historique - résultats
Vous n’avez pas pris ce quiz